书目信息 |
| 题名: |
历史
|
|
| 作者: | ;广西壮族自治区教育委员会 编 | |
| 分册: | 下 | |
| 出版信息: | 南宁 广西教育出版社 1989.1 |
|
| 页数: | 195页 | |
| 开本: | 19厘米 | |
| 丛书名: | 广西壮族自治区一九八九年各类成人中专招生考试复习辅导丛书 | |
| 单 册: | ||
| 中图分类: | G723.2 , I546.4 | |
| 科图分类: | ||
| 主题词: | 文学 | |
| 电子资源: | ||
| ISBN: | 7-5435-0451-0 | |
| 000 | 00895nam2 2200265 45 | |
| 001 | 1538753111 | |
| 005 | 20150120104701.81 | |
| 010 | @a7-5435-0451-0@dCNY2.00 | |
| 020 | @aCN@b89030649 | |
| 100 | @a19911017d1989 m y0chiy0120 ea | |
| 101 | 0 | @achi |
| 102 | @aCN@b450000 | |
| 105 | @ay z 000yy | |
| 200 | 10 | @a历史@Ali shi@h下@f广西壮族自治区教育委员会编@Fguang xi zhuang zu zi zhi qu jiao yu wei yuan hui bian |
| 210 | @a南宁@c广西教育出版社@d1989.1 | |
| 215 | @a195页@d19厘米 | |
| 225 | 2 | @a广西壮族自治区一九八九年各类成人中专招生考试复习辅导丛书 |
| 410 | 0 | @120010@a广西壮族自治区一九八九年各类成人中专招生考试复习辅导丛书 |
| 540 | 1 | @a历史@Ali shi |
| 606 | 0 | @a文学 |
| 690 | @aG723.2@v1980 | |
| 690 | @aI546.4@v4 | |
| 711 | 02 | @a广西壮族自治区教育委员会@Aguang xi zhuang zu zi zhi qu jiao yu wei yuan hui@4编 |
| 801 | 0 | @aCN@bTSSF@c20150120 |
| 905 | @aZUCC@dI546.4@eJY51:2 | |
| 历史.下/广西壮族自治区教育委员会编.-南宁:广西教育出版社,1989.1 |
| 195页;19厘米.-(广西壮族自治区一九八九年各类成人中专招生考试复习辅导丛书) |
| ISBN 7-5435-0451-0:CNY2.00 |
| ● |
| 相关链接 |
|
|
|
|
正题名:历史
索取号:I546.4/JY51:2
 
预约/预借
| 序号 | 登录号 | 条形码 | 馆藏地/架位号 | 状态 | 备注 |
| 1 | 7850338 | 278503380 | 学院路分馆/ [索取号:I546.4/JY51:2] | 在馆 | |
| 2 | 7850339 | 278503399 | 学院路分馆/ [索取号:I546.4/JY51:2] | 在馆 | |
| 3 | 7850340 | 278503406 | 学院路分馆/ [索取号:I546.4/JY51:2] | 在馆 | |
| 4 | 7850341 | 278503415 | 学院路分馆/ [索取号:I546.4/JY51:2] | 在馆 |